| 000 | 00735nam a2200205 i 4500 | ||
|---|---|---|---|
| 001 | 147717 | ||
| 003 | ES-MaACL | ||
| 005 | 20230906202225.0 | ||
| 007 | t| | ||
| 008 | 071005s1981 sp ||||1| spa d | ||
| 100 | 0 |
_aUroz Sáez, José. _9112197 |
|
| 245 | 1 | 0 |
_aEconomía y sociedad de Contestania Ibérica / _cJosé Uroz Sáez. |
| 260 |
_aAlicante : _bInstituto de Estudios Alicantinos, _c[1981] |
||
| 300 |
_a330 p. ; _c22 cm. |
||
| 490 | 1 |
_aPublicaciones del Instituto de Estudios Alicantinos. Serie I ; _v72 |
|
| 710 | 2 |
_aInstituto de Estudios Alicantinos. _94886 |
|
| 830 | 0 |
_aPublicaciones del Instituto de Estudios Alicantinos. Serie I ; _v72 _9183372 |
|
| 852 |
_aES-MaACL _jL-2016 _bR.102797 |
||
| 999 |
_c147717 _d147717 |
||